000 00341nam a2200133Ia 4500
008 240624s9999 xx 000 0 und d
041 _aeng
082 _a332.1 PRI
100 _aPRINS NOMI
245 _aCOLLUSION HOW CENTRAL BANKERS RIGGED THE
260 _c2018
_aNew York
_bNATION BOOKS
300 _axix, 358 p.; 23 cm.
365 _c
_b33
999 _c32154
_d32154